Livelihood insecurity and social conflict in Nepal / (Record no. 49202)
[ view plain ]
| 000 -LEADER | |
|---|---|
| fixed length control field | 00694 a2200229 4500 |
| 020 ## - INTERNATIONAL STANDARD BOOK NUMBER | |
| International Standard Book Number | 978-9937-8174-2-4 |
| 041 ## - LANGUAGE CODE | |
| Language code of text/sound track or separate title | Eng |
| 082 ## - DEWEY DECIMAL CLASSIFICATION NUMBER | |
| Classification number | 303.6 |
| Item number | Up2l |
| 100 ## - MAIN ENTRY--PERSONAL NAME | |
| Personal name | Upreti, Bishnu Raj ed. |
| 9 (RLIN) | 5658 |
| 100 ## - MAIN ENTRY--PERSONAL NAME | |
| Personal name | Muller-Boker, Ulrike |
| 9 (RLIN) | 5659 |
| 245 ## - TITLE STATEMENT | |
| Title | Livelihood insecurity and social conflict in Nepal / |
| 260 ## - PUBLICATION, DISTRIBUTION, ETC. | |
| Place of publication, distribution, etc. | kathmandu : |
| Name of publisher, distributor, etc. | South Asia Regional Cooperation Office, |
| Date of publication, distribution, etc. | 2010 |
| 300 ## - PHYSICAL DESCRIPTION | |
| Extent | xi, 275p.: illus. |
| 504 ## - BIBLIOGRAPHY, ETC. NOTE | |
| Bibliography, etc. note | Bibliography at the end of each chapter |
| 650 ## - SUBJECT ADDED ENTRY--TOPICAL TERM | |
| Topical term or geographic name entry element | Natural resources |
| 9 (RLIN) | 3110 |
| 650 ## - SUBJECT ADDED ENTRY--TOPICAL TERM | |
| Topical term or geographic name entry element | Political economy |
| 9 (RLIN) | 1970 |
| 650 ## - SUBJECT ADDED ENTRY--TOPICAL TERM | |
| Topical term or geographic name entry element | Hunger |
| 9 (RLIN) | 3657 |
| 650 ## - SUBJECT ADDED ENTRY--TOPICAL TERM | |
| Topical term or geographic name entry element | Community forestry |
| 9 (RLIN) | 5660 |
| 653 ## - INDEX TERM--UNCONTROLLED | |
| Uncontrolled term | Social conflicts |
| 942 ## - ADDED ENTRY ELEMENTS (KOHA) | |
| Source of classification or shelving scheme | Dewey Decimal Classification |
| Koha item type | N |
| 518 ## - DATE/TIME AND PLACE OF AN EVENT NOTE | |
| -- | 2010-12-20 |
| Withdrawn status | Lost status | Source of classification or shelving scheme | Damaged status | Not for loan | Home library | Current library | Date acquired | Total Checkouts | Full call number | Barcode | Date last seen | Copy number | Price effective from | Koha item type |
|---|---|---|---|---|---|---|---|---|---|---|---|---|---|---|
| Dewey Decimal Classification | Tribhuvan University Central Library | Tribhuvan University Central Library | 12/20/2010 | 303.6 Up2l | G71651 | 12/20/2010 | 1 | 12/20/2010 | N |
